00486nam a2200193 a 4500001001300000003000900013005001700022008004100039020001000080082001700090100002000107245002900127260003000156300000900186500003500195505001700230650002500247700002000272nice12345678IN_TiNIC20260116012021.0050524s1894 luca grp 000 0 per  ac10000a891.51bHAF1 aHafiz, Sheerazi aDiwan-E-Hafiz Ma Farhang aLucknowbNami Pressc1894 a376p aincludes index and biblioraphy2 aBibliography aPersian Poetry-Hafiz1 aHafiz, Sheerazi